|
|
|
|
| LEADER |
01206nam a2200337 a 4500 |
| 001 |
000200517 |
| 003 |
CZ BrMZK |
| 005 |
20230914105943.0 |
| 008 |
010907s1997 xr e 0dcze d |
| 015 |
|
|
|a cnb000273981
|
| 035 |
|
|
|a (OCoLC)38296919
|
| 040 |
|
|
|a BOA001
|b cze
|
| 043 |
|
|
|a e-xr---
|
| 045 |
|
|
|a x-x-
|
| 072 |
|
7 |
|a 77
|x Fotografie. Fotografické postupy
|2 Konspekt
|9 21
|
| 080 |
|
|
|a 77-051
|2 MRF
|
| 080 |
|
|
|a (437.3)
|2 MRF
|
| 080 |
|
|
|a (0:82-94)
|2 MRF
|
| 080 |
|
|
|a (082.2)
|2 MRF
|
| 100 |
1 |
|
|a Malý, Zbyšek,
|d 1938-2000
|7 jo20000074123
|4 aut
|
| 245 |
1 |
0 |
|a Život mezi krásnými blázny :
|b (povídání o fotografiích, jednom domku a lidech v něm, ale především o lásce) /
|c Karel Šer.
|
| 260 |
|
|
|a Frýdek-Místek :
|b Muzeum Beskyd,
|c 1997
|
| 300 |
|
|
|a 19 s. ;
|c 21 cm
|
| 600 |
1 |
7 |
|a Krasl, František,
|d 1912-1998
|7 jk01062906
|
| 648 |
|
7 |
|a 20. století
|7 ch460558
|
| 650 |
0 |
7 |
|a fotografové
|7 ph120335
|z Česko
|y 20. století
|2 czenas
|
| 655 |
|
7 |
|a vzpomínky
|7 fd133830
|2 czenas
|
| 655 |
|
7 |
|a jubilejní publikace
|7 fd131839
|2 czenas
|
| 910 |
|
|
|a BOA001
|b X-1034.857
|
| 990 |
|
|
|a BK
|
| 996 |
7 |
|
|b 2610055106
|c X-1034.857
|l MZK
|r Sklad / do 24 hodin
|n 1
|p p.v.
|w 000200517
|u 000010
|a 1
|e BOA001
|j MZK50
|s A
|